| 000 | 01083nam a22002417a 4500 | ||
|---|---|---|---|
| 005 | 20211218121215.0 | ||
| 008 | 211218b ||||| |||| 00| 0 eng d | ||
| 020 | _a8120202155 | ||
| 040 | _cAL | ||
| 041 | _aeng | ||
| 082 |
_223 _a320.954 _bKOTP |
||
| 100 |
_aRajni Kothari _911839 |
||
| 245 | _aPolitics and the People: In Search of a Humane India | ||
| 260 |
_aDelhi _bAjanta Publications _c1989 |
||
| 300 |
_axxxix,250 p. _bHB _c24x16 Cm. |
||
| 365 |
_b250.00 _c₹ _d250.00 |
||
| 440 | _vVol.1 | ||
| 520 | _aAcclaimed to be by far the most sophisticated general study on Indian politics. Politics in India unfolds, here with insight and acumen and the vastness and confusion of the Indian political scene is elaborately discussed. This book is the first comprehensive treatment of the Indian political system examined from different vantage points and drawing together the contribution of various disciplines into a common framework. | ||
| 650 |
_aPolitical Science _911840 |
||
| 650 |
_aSocial Conditions _911841 |
||
| 700 |
_aKOTHARI (Rajni) _911842 |
||
| 942 |
_2ddc _cGF |
||
| 999 |
_c220976 _d220976 |
||